000 00631nam a2200205Ia 4500
003 OSt
005 20230607182234.0
008 210423s1991 xx 000 0 und d
040 _cAL
041 _aeng
082 _a304.6
_223
_bNAMC
100 _aNAMBISAN (Sobha)
_9115956
245 _aCensus of India 1991 Series-11 Karnataka Part XII-B District Census Handbook: Bidar
260 _aKarnataka
_bGovernment Of India
_c1991
300 _a219
_bPB
365 _cINR
650 _aSocial Behaviour
_9115957
906 _a1991 ; Bidar ; Census ; District ; Handbook: ; India ; Karnataka ; Series-11 ; XII-B
942 _2ddc
_cBK
999 _c175376
_d175376